L'Angola pour les touristes... - Statistiques

Statistiques générales
  • Ce quiz a été pris 10 fois
  • Le résultat moyen est 11 sur 20
Statistiques - réponses
Question Indice Réponses % Correct
Quelle est la langue officielle la plus connue ? Portugais
89%
Dans la capitale quel est le décalage horaire avec Paris ? (+ ou - et chiffre) ex - 10 ou + 3,5 ou 0 - 1
78%
Code sur les plaques minéralogiques ANG
78%
Autres langues employées Anglais
78%
La religion majoritaire est C Christianisme
78%
Le principal aéroport est L Luanda
78%
Achats à faire 1/ Cache le visage Masque
78%
Ce pays est plus grand que la France (oui/non) Oui
78%
Quel est le régime du pays ? R République
78%
Quel est le climat local ? T {Tropical}
78%
Le suffixe internet est ao
67%
Quel pays a accordé son indépendance à celui-ci ? R Portugal
67%
Autres langues employées Français
56%
Citez une des autres langues officielles kikongo | umbundu | kuanyama | kimbundu | tchokwé | Nganguela
44%
Quelle est la monnaie ? Kwanza
44%
Achats à faire 3/ A partir d'argile Objets en {céramique}
22%
Quelles sont les principaux lieux touristiques ? B Bocoio
11%
Quelles sont les principaux lieux touristiques ? K Parc {Kissama}
11%
Achats à faire 2/ Objets tressés en vannerie
11%
Quelles sont les principaux lieux touristiques ? K Chutes de {Kalandula}
0%
Aucun quiz correspondant
Distribution des résultats
% des personnes avec chaque résultat
Percentile par nombre de réponses
Votre historique - résultats
Vous n’avez pas pris ce quiz